Aus Kolbergs Geschichte

Titel: Aus Kolbergs Geschichte : 1. Das Kolberger Kotbuch - zum zweiten Mal entdeckt
Verfasser:
In: Vereinigung Ehemaliger Schüler des Dom- und Real-Gymnasiums zu Kolberg (Ostseebad), Pommern: Mitteilungen der Vereinigung Ehemaliger Schüler des Dom- und Real-Gymnasiums zu Kolberg, Ostseebad, Pommern, Heft 85 (2000), Seite 2184-2192, 1 Abb.
alle Artikel anzeigen
Veröffentlicht: 2000
Format: Aufsatz
Sprache: Deutsch
Kein Bild verfügbar
X
alg: 39247132
001A    $01999:11-11-16 
001B    $01999:06-04-21 $t20:50:15.000 
001C    $06050:19-11-16 $t15:08:38.000 
001D    $01999:11-11-16 
001U    $0utf8 
001X    $00 
002@    $0Aox 
003@    $0392471329 
007A    $0392471329 $aHEB 
007T    $0Herd32519 
010@    $ager 
011@    $a2000 
021A    $aAus Kolbergs Geschichte $d1. Das Kolberger Kotbuch - zum zweiten Mal entdeckt 
028A    $aGehrke $dUlrich 
031A    $e85 $h2184-2192, 1 Abb. $j2000 
039B    $aIn $8--Abvc--Vereinigung Ehemaliger Schüler des Dom- und Real-Gymnasiums zu Kolberg (Ostseebad), Pommern [Tb1]. Mitteilungen der Vereinigung Ehemaliger Schüler des Dom- und Real-Gymnasiums zu Kolberg, Ostseebad, Pommern. - Hamburg : [Verlag nicht ermittelbar], 1970-2020 $x200000000000085816 $9054887488 
045F    $a900.9438160902 $eDDC23BSB 
045F/01 $a900 
045F/03 $f0902 
045F/03 $g43816 
045T    $a7,41 $a8,1 

lok: 39247132 78

exp: 39247132 78 1 #EPN
201B/01 $027-06-18 $t23:05:10.000 
201U/01 $0utf8 
203@/01 $0788569104 
208@/01 $a11-11-16 $be 
209A/01 $a/ $f000 $x00 
220C/01 $aTitelaufnehmer: jk 
244Z/01 $2Trx $#Pomeranija $#Pommern $#Pomoransko $#Pomořansko $#Hinterpommern;Vorpommern;Mittelpommern $#Pomorze Środkowe;Pomorze Przednie $#Pomořansko;Západní Pomořany; Pomořany $8--Trx--Pomorze Zachodnie $x01 $9391303775 
244Z/01 $#Kolberg $75057070-5 $8--Tg1--Kołobrzeg $x02 $9044717024 
244Z/01 $aGeschichte 1373-1592 $x03 
244Z/01 $2Trx $#linnaraamatud $#miestų knygos $#City registries $#városi könyvek $#księgi miejskie $#knihy mestské $#knihy městské $#księgi grodzkie $8--Trx--Stadtbücher $x04 $9391354310 
244Z/01 $2Trx $8--Trx--Zeitschriftenaufsatz $x05 $9391384341 
245Z/01 $a13.03 $x01 
245Z/01 $a06.02 $x02 
247C/01 $82080>Marburg/Lahn, Herder-Institut, Forschungsbibliothek, Bibliographieportal $9336309341
LEADER 00000caa a22000002c 4500
001 392471329
003 DE-603
005 20210406205015.0
007 tu
008 161111s2000 xx |||| | u00||u|ger c
035 |a (DE-599)HEB392471329 
040 |a DE-603  |b ger  |c DE-603  |d DE-603 
041 |a ger 
082 0 4 |8 1\u  |a 900.9438160902  |q DE-101  |2 23/BSB 
084 |a 7,41  |a 8,1  |2 ssgn 
085 |8 1\u  |b 900 
085 |8 1\u  |z 1  |s 0902 
085 |8 1\u  |z 2  |s 43816 
100 1 |a Gehrke, Ulrich 
245 0 0 |a Aus Kolbergs Geschichte  |b 1. Das Kolberger Kotbuch - zum zweiten Mal entdeckt 
264 0 |c 2000 
773 0 8 |i In  |a Vereinigung Ehemaliger Schüler des Dom- und Real-Gymnasiums zu Kolberg (Ostseebad), Pommern  |t Mitteilungen der Vereinigung Ehemaliger Schüler des Dom- und Real-Gymnasiums zu Kolberg, Ostseebad, Pommern  |d Hamburg : [Verlag nicht ermittelbar], 1970-2020  |h 30 cm  |g Heft 85 (2000), Seite 2184-2192, 1 Abb.  |w (DE-603)054887488  |w (DE-600)1361441-1 
924 0 |9 2080  |a (DE-603)788569104  |b DE-2080  |c HES  |d d  |g /